Pablo Neruda : absence and presence /

Bibliographic Details
Main Author: Poirot, Luis
Format: Book
Language:English
Spanish
Published: New York : Norton, [1990]
Edition:1st ed.
Subjects:

MARC

Tag First Indicator Second Indicator Subfields
LEADER 00000cam a22000008a 4500
001 in00000934821
005 20150925121940.0
008 890405s1990 nyu 00010 eng
010 |a  89033112  
020 |a 0393027708 
020 |a 0393306437 (pbk.) 
035 |a (OCoLC)19669547 
035 |9 AES0383AM 
040 |a DLC  |c DLC  |d TXA  |d UtOrBLW 
041 1 |a eng  |a spa 
043 |a s-cl--- 
049 |a TXAM  |c [A13941717] 
050 0 0 |a PQ8097.N4  |b Z72513 1989 
082 0 |a 861  |a B  |2 20 
090 |a PQ8097.N4  |b Z72513 1990 
100 1 |a Poirot, Luis. 
240 1 0 |a Neruda.  |l English 
245 1 0 |a Pablo Neruda :  |b absence and presence /  |c Luis Poirot ; translations by Alastair Reid. 
250 |a 1st ed. 
263 |a 8911 
264 1 |a New York :  |b Norton,  |c [1990] 
264 4 |c ©1990 
300 |a 189 pages :  |b illustrations 
336 |a text  |b txt  |2 rdacontent 
337 |a unmediated  |b n  |2 rdamedia 
338 |a volume  |b nc  |2 rdacarrier 
500 |a Translation of: Neruda. 
600 1 0 |a Neruda, Pablo,  |d 1904-1973  |x Homes and haunts  |z Chile  |z Negra Island  |x Pictorial works. 
600 1 0 |a Neruda, Pablo,  |d 1904-1973  |x Friends and associates. 
600 1 0 |a Neruda, Pablo,  |d 1904-1973  |x Portraits. 
651 0 |a Negra Island (Chile)  |x Pictorial works. 
999 |a MARS 
999 f f |s 187fc15b-ba96-3ef9-9867-9b4364e19506  |i 25d20d33-c25e-365a-95a5-c13ebc761733  |t 0 
952 f f |p normal  |a Texas A&M University  |b College Station  |c Sterling C. Evans Library  |d Evans: Library Stacks  |t 0  |e PQ8097.N4 Z72513 1990  |h Library of Congress classification  |i unmediated -- volume  |m A14813941717 
998 f f |a PQ8097.N4 Z72513 1990  |t 0  |l Evans: Library Stacks